Diccionario internacional de siglas.
Uloženo v:
| Hlavní autor: | |
|---|---|
| Médium: | Kniha |
| Jazyk: | španělština |
| Vydáno: |
Madrid, España
Pirámide
1978
|
| Témata: | |
| Tagy: |
Přidat tag
Žádné tagy, Buďte první, kdo vytvoří štítek k tomuto záznamu!
|
MARC
| LEADER | 00000nam a2200000 a 4500 | ||
|---|---|---|---|
| 001 | UCT3523 | ||
| 003 | CL-VaPUC | ||
| 005 | 20220315074436.0 | ||
| 008 | 961024e19780000SP |||||||||||||||||spa|d | ||
| 999 | |c 253141 |d 253139 | ||
| 040 | |c Pontificia Universidad Católica de Valparaíso | ||
| 082 | 0 | 4 | |a 413.1 MAR 1978 |2 21 |
| 100 | |a Martínez de Sousa, José |e autor |9 562458 | ||
| 245 | 1 | 0 | |a Diccionario internacional de siglas. |
| 260 | 0 | 3 | |a Madrid, España |b Pirámide |c 1978 |
| 300 | |a 470 páginas. | ||
| 583 | |a last modification |c 19961024 00:00:00 |k Rodrigo Vera | ||
| 650 | 0 | |a Diccionarios |9 256200 | |
| 650 | 0 | |a Abreviaturas |9 372318 | |
| 650 | 0 | |a Glosarios |9 261047 | |
| 650 | 7 | |a TERMINOLOGIA |2 CL-VaPUC |9 254881 | |
| 942 | |c BK |2 ddc | ||
| 945 | |d 19961024 00:00:00 |a paguirre | ||
| 952 | |0 0 |1 0 |2 ddc |4 0 |6 413_100000000000000_MAR_1978 |7 0 |8 C |9 273680 |a BIBCUR |b BIBCUR |d 2019-11-19 |i 1775316 |o 413.1 MAR 1978 |p 1775316 |r 2025-04-22 |t 1 |w 2019-11-19 |y BK |k BCB | ||